000 00328nam a2200109Ia 4500
008 220204s9999 xx 000 0 und d
082 _a331.101
_bIND
245 0 _aLabour policies and programmes in fourth five year plan
260 _aNew Delhi
_bIndian National Trade Union Congress
_c1965
650 _aLabour policy
942 _cBK
999 _c21993
_d21993